000 00802nam0a22002651 4500
001 rc\3558449
005 20250610041654.0
021 _aRU
_bРг5480-77
021 _aRU
_b77-10587
035 _a(NLR Aleph) 007684150
090 _a6570657
_c6570657
100 _a20130115d1976 |||y0rusy50 ca
101 0 _arus
102 _aRU
105 _ay z |||||
200 1 _aЭкономические проблемы проектирования новых машин
_fО-во "Знание" УССР
210 _aКиев
_cБ. и.
_d1976
215 _a27 с.
_d20
320 _aБиблиогр.: с. 27
700 1 _aКозаченко
_bС.В.
_gСергей Викторович
801 0 _aRU
_bNLR
_gpsbo
801 1 _aRU
_bELAR
_2rusmarc
852 _aNLR
_j77-4/10366
942 _cBOOK
980 _aNB